Informačné systémy v podnikoch ubytovacích služieb

Moderné riadenie podnikov ubytovacích služieb a využitie výpočtovej techniky. Programové systémy pre hotelovú recepciu - HOREC a FIDELIO (Fidelio Hotel Information System). Odborné termíny používané v programoch HOREC a FIDELIO. Moduly programov HOREC a FIDELIO.

Enregistré dans:
Détails bibliographiques
Auteur principal: Švec, Adrián
Format: Chapitre de livre
Langue:slovaque
Sujets:
Tags: Ajouter un tag
Pas de tags, Soyez le premier à ajouter un tag!

MARC

LEADER 00000naa$a2200000$$$4500
001 0007497
005 20231016071618.4
041 0 |a slo 
044 |a SK 
245 1 0 |a Informačné systémy v podnikoch ubytovacích služieb  |c aut. Adrián Švec 
520 |a Moderné riadenie podnikov ubytovacích služieb a využitie výpočtovej techniky. Programové systémy pre hotelovú recepciu - HOREC a FIDELIO (Fidelio Hotel Information System). Odborné termíny používané v programoch HOREC a FIDELIO. Moduly programov HOREC a FIDELIO. 
610 2 0 |a systémy informačné 
610 2 0 |a hotelierstvo 
610 2 0 |a zariadenia ubytovacie 
610 2 0 |a pohostinstvo 
610 2 0 |a riadenie podnikové 
610 2 0 |a riadenie automatizované 
100 1 |a Švec, Adrián